| 000 | 01232nam a2200349 i 4500 | ||
|---|---|---|---|
| 001 | 197713 | ||
| 003 | SpMaBN | ||
| 005 | 20250830063113.0 | ||
| 008 | 250527s2013 sp | |||| 000 p spa | ||
| 015 | _aMON13 | ||
| 017 |
_aM 6200-2013 _bOficina Depósito Legal Madrid |
||
| 020 | _a9788461628063 | ||
| 035 | _a(SpMaBN)a5345784 | ||
| 035 | _a(OCoLC)864218311 | ||
| 040 |
_aSpMaBN _bspa _cSpMaBN _erdc |
||
| 080 | _a821.134.2-14"19" | ||
| 100 | 1 |
_aMoreno, Carmen, _d1974- _0XX1165041 _9241220 _eaut |
|
| 245 | 1 | 0 |
_aRelámpagos / _cCarmen Moreno ; prólogo de Ángel Muñoz Rodríguez. |
| 250 | _aPrimera edición: febrero 2013 | ||
| 260 |
_a[Madrid] : _bLVR, _c2013. |
||
| 300 |
_a80 páginas ; _c21 cm. |
||
| 336 |
_aTexto (visual) _2isbdcontent |
||
| 337 |
_asin mediación _2isbdmedia |
||
| 338 |
_2rdacarrier _avolumen |
||
| 490 | 1 |
_aDisnomia ; _v1 |
|
| 655 | 7 |
_2tgfbne _9176539 _aPoesías |
|
| 852 |
_aES-MaACL _cDEPOJ _jN-10587 _xEncuadernación rústica con solapas _9206710 _hDonación: Editorial |
||
| 942 |
_cMONOGRAFIA _n0 |
||
| 999 |
_c197713 _d197713 |
||